Normal view
MARC view
- Khaliq, Laiba
Entry Personal Name
001 - CONTROL NUMBER
- control field: 97523
003 - CONTROL NUMBER IDENTIFIER
- control field: NUST
005 - DATE AND TIME OF LATEST TRANSACTION
- control field: 20220817091936.0
008 - FIXED-LENGTH DATA ELEMENTS
- fixed length control field: 220817|| aca||aabn | a|a d
040 ## - CATALOGING SOURCE
- Original cataloging agency: NUST
- Transcribing agency: NUST
100 ## - HEADING--PERSONAL NAME
- Personal name: Khaliq, Laiba
670 ## - SOURCE DATA FOUND
- Source citation: Work cat.: (NUST): Khaliq, Laiba , Enhancing Adult Learning using Mobile-Assisted Technology /
